Multitudes /

Đã lưu trong:
Chi tiết về thư mục
Tác giả chính: Bonet de la Nuez, Mario, 1967-
Định dạng: Sách
Ngôn ngữ:Spanish
Được phát hành: La Habana, Cuba : Editorial Letras Cubanas, 2001.
Loạt:Letras Cubanas Poesía
Những chủ đề:
Các nhãn: Thêm thẻ
Không có thẻ, Là người đầu tiên thẻ bản ghi này!

MARC

LEADER 00000cam a22000007a 4500
001 12450086
005 20180531091452.0
008 010615s2001 cu 000 0 spa
020 |a 9591005970 
040 |a DLC  |c DLC 
041 0 |a spa 
082 0 4 |a Cu861.44  |b B712m 
100 1 |a Bonet de la Nuez, Mario,  |d 1967- 
245 1 0 |a Multitudes /  |c Mario Bonet de la Nuez. 
260 1 |a La Habana, Cuba :  |b Editorial Letras Cubanas,  |c 2001. 
300 |a 77 páginas ;  |c 18 cm. 
490 1 |a Letras Cubanas Poesía 
500 |a Donación Adriano Corrales  
650 1 7 |a LITERATURA CUBANA  |v POESIA 
942 |2 ddc  |c BK 
999 |c 22014  |d 22014